Missing Word: Brrrrrrr! Quiz Stats

 Plays Quiz Updated Nov 30, 2013

Support Sporcle.
Go Orange.
Score 0/18 Timer 03:00
0 Plays Today
Heading Answer % Correct
Snow White and the ________ DwarfsSeven
99.8%
Baby, it's Cold ________Outside
92.8%
________ it SnowLet
90%
________ the SnowmanFrosty
89.4%
Ice, Ice, __________Baby
85.8%
________ IceVanilla
72.1%
In Cold ________Blood
67.6%
Hot Lead and Cold _________Feet
65.7%
Cold________Play
53.6%
Heading Answer % Correct
The Man From Snowy ________River
45.7%
Snow _________Patrol
42.6%
20 ________ of SnowYears
30%
Cold Comfort ________ Farm
20.7%
Snow (________ Oh)Hey
20.7%
Miss Smilla's ________ For SnowFeeling
14.1%
________ IceThin
7.2%
A ________ SnowChristmas
5.6%
A ________ of Snow and AshesBreath
3.8%

Today's Daily Dose

Missing Word
'80s Musicals

Word Ladder
Hereditary

Get the Picture
Food Names

From the Vault

Remove Ads.
Support Sporcle.
Get the best of Sporcle when you Go Orange. This ad-free experience offers more features, more stats, and more fun while also helping to support Sporcle. Thank you for becoming a member.

Show Comments

Extras

Top Quizzes Today


Score Distribution

Your Account Isn't Verified!

In order to create a playlist on Sporcle, you need to verify the email address you used during registration. Go to your Sporcle Settings to finish the process.

Report this User

Report this user for behavior that violates our Community Guidelines.

Details: